Vízia pre budúce tisícročie. 2
Smery svetového sociálno-ekonomického rozvoja po r. 2000. Závery zasadania Valného zhromaždenia OSN v New Yorku. Zohľadnenie odvetvových zmien vo svetovej ekonomike v nasledujúcom období. Narastanie významu svetového obchodu. Prognózy produkcie potravín a dopytu po energii.
Salvato in:
| Autore principale: | |
|---|---|
| Natura: | Capitolo di libro |
| Lingua: | slovacco |
| Soggetti: | |
| Tags: |
Nessun Tag, puoi essere il primo ad aggiungerne!!
|
MARC
| LEADER | 00000naa a2200000 4500 | ||
|---|---|---|---|
| 001 | r019074 | ||
| 005 | 20221213100020.2 | ||
| 041 | 0 | |a slo | |
| 044 | |a SK | ||
| 245 | 1 | 0 | |a Vízia pre budúce tisícročie. 2 |c Jozef Mihalik |
| 520 | |a Smery svetového sociálno-ekonomického rozvoja po r. 2000. Závery zasadania Valného zhromaždenia OSN v New Yorku. Zohľadnenie odvetvových zmien vo svetovej ekonomike v nasledujúcom období. Narastanie významu svetového obchodu. Prognózy produkcie potravín a dopytu po energii. | ||
| 610 | 2 | 0 | |a hospodárstvo svetové |
| 610 | 2 | 0 | |a október |
| 610 | 2 | 0 | |a 1995 |
| 610 | 2 | 0 | |a OSN |
| 610 | 2 | 0 | |a New York |
| 610 | 2 | 0 | |a prognózy hospodárske |
| 610 | 2 | 0 | |a obchod svetový |
| 610 | 2 | 0 | |a potraviny |
| 610 | 2 | 0 | |a rozvoj sociálno-ekonomický |
| 100 | 1 | |a Mihalik, Jozef | |